Коррозионная стойкость сварных соединений, полученных с использованием нанопорошков; Известия вузов. Физика; Т. 57, № 9-3

Dades bibliogràfiques
Parent link:Известия вузов. Физика=Russian Physics Journal.— , 1958-2017, 2020-
Т. 57, № 9-3.— 2014.— [С. 119-123]
Autor corporatiu: Национальный исследовательский Томский политехнический университет (ТПУ) Институт природных ресурсов (ИПР) Кафедра физической и аналитической химии (ФАХ)
Altres autors: Кузнецов М. А. Максим Александрович, Журавков С. П. Сергей Петрович, Зернин Е. А. Евгений Александрович, Яворский В. И. Василий Иванович
Sumari:Заглавие с экрана
Приведены результаты экспериментальных исследований влияния введенных в сварочную ванну нанопорошков вольфрама, молибдена и оксогидроксида алюминия на коррозионную стойкость сварных соединений. Показано, что природа нанопорошков оказывает существенное влияние на межкристаллитную коррозию сварного шва.
Режим доступа: по договору с организацией-держателем ресурса
Idioma:rus
Publicat: 2014
Matèries:
Accés en línia:https://www.elibrary.ru/item.asp?id=23274346
Format: Electrònic Capítol de llibre
KOHA link:https://koha.lib.tpu.ru/cgi-bin/koha/opac-detail.pl?biblionumber=668914

MARC

LEADER 00000naa2a2200000 4500
001 668914
005 20250703132147.0
035 |a (RuTPU)RU\TPU\network\40151 
035 |a RU\TPU\network\40150 
090 |a 668914 
100 |a 20230202d2014 k||y0rusy50 ca 
101 0 |a rus 
102 |a RU 
135 |a drcn ---uucaa 
181 0 |a i  
182 0 |a b 
200 1 |a Коррозионная стойкость сварных соединений, полученных с использованием нанопорошков  |f М. А. Кузнецов, С. П. Журавков, Е. А. Зернин, В. И. Яворский 
203 |a Текст  |c электронный 
300 |a Заглавие с экрана 
320 |a [Библиогр.: 12 назв.] 
330 |a Приведены результаты экспериментальных исследований влияния введенных в сварочную ванну нанопорошков вольфрама, молибдена и оксогидроксида алюминия на коррозионную стойкость сварных соединений. Показано, что природа нанопорошков оказывает существенное влияние на межкристаллитную коррозию сварного шва. 
333 |a Режим доступа: по договору с организацией-держателем ресурса 
461 0 |0 (RuTPU)RU\TPU\prd\191  |t Известия вузов. Физика  |l Russian Physics Journal  |d 1958-2017, 2020- 
463 |t Т. 57, № 9-3  |v [С. 119-123]  |d 2014 
610 1 |a электронный ресурс 
610 1 |a труды учёных ТПУ 
610 1 |a нанопорошки 
610 1 |a электродуговая сварка 
610 1 |a вольфрам 
610 1 |a молибден 
610 1 |a оксогидроксид алюминия 
701 1 |a Кузнецов  |b М. А.  |c специалист в области сварочного производства  |c доцент Юргинского технологического института (филиала) Томского политехнического университета, кандидат технических наук  |f 1985-  |g Максим Александрович  |3 (RuTPU)RU\TPU\pers\29708  |9 14202 
701 1 |a Журавков  |b С. П.  |c химик  |c ведущий научный сотрудник, доцент Томского политехнического университета, кандидат химических наук  |f 1961-  |g Сергей Петрович  |3 (RuTPU)RU\TPU\pers\28225  |9 13178 
701 1 |a Зернин  |b Е. А.  |c специалист в области сварочного производства  |c заведующий кафедрой Юргинского технологического института (филиала) Томского политехнического университета, кандидат технических наук  |f 1977-  |g Евгений Александрович  |3 (RuTPU)RU\TPU\pers\24288  |9 10753 
701 1 |a Яворский  |b В. И.  |c палеонтолог  |c профессор  |c сотрудник Геолкома  |f 1874-1974  |g Василий Иванович  |3 (RuTPU)RU\TPU\pers\22184  |9 9397 
712 0 2 |a Национальный исследовательский Томский политехнический университет (ТПУ)  |b Институт природных ресурсов (ИПР)  |b Кафедра физической и аналитической химии (ФАХ)  |3 (RuTPU)RU\TPU\col\18656 
801 2 |a RU  |b 63413507  |c 20230202  |g RCR 
850 |a 63413507 
856 4 |u https://www.elibrary.ru/item.asp?id=23274346  |z https://www.elibrary.ru/item.asp?id=23274346 
942 |c CF